Применение многомерного статистического анализа в экономике и оценке качества продукции: 3 Всесоюзная научно-техническая конференция, 17-18 сентября 1985 г., Тарту; Ч. 2

Бібліографічні деталі
Співавтори: Академия наук СССР (АН СССР) Центральный экономико-математический институт (ЦЭМИ), Всесоюзный совет научно-технических обществ, Тартуский университет (ТУ), Применение многомерного статистического анализа в экономике и оценке качества продукции
Мова:Російська
Опубліковано: Тарту, Изд-во ЦЭМИ, 1985
Предмети:
Формат: Книга
KOHA link:https://koha.lib.tpu.ru/cgi-bin/koha/opac-detail.pl?biblionumber=281287

MARC

LEADER 00000nam0a2200000 4500
001 281287
005 20231101235404.0
020 |a RU  |b 85-76597 
035 |a (RuTPU)RU\TPU\book\304975 
035 |a RU\TPU\book\304974 
090 |a 281287 
100 |a 20150121d1985 k y0rusy5003 ca 
101 0 |a rus 
102 |a EE 
105 |a y z 001zy 
200 1 |a Применение многомерного статистического анализа в экономике и оценке качества продукции  |h Ч. 2  |e 3 Всесоюзная научно-техническая конференция, 17-18 сентября 1985 г., Тарту  |f Академия наук СССР (АН СССР), Центральный экономико-математический институт (ЦЭМИ) ; Всесоюзный совет научно-технических обществ ; Тартуский университет (ТУ) 
210 |a Тарту  |c Изд-во ЦЭМИ  |d 1985 
215 |a 230 с. 
320 |a Библиография в конце статей 
606 1 |a Экономика  |x Статистические методы  |2 stltpush  |3 (RuTPU)RU\TPU\subj\26552  |9 50453 
606 1 |a Качество продукции  |x Оценка  |2 stltpush  |3 (RuTPU)RU\TPU\subj\14178  |9 40638 
610 1 |a математическая статистика 
610 1 |a прикладная статистика 
610 1 |a многомерный статистический анализ 
610 1 |a программное обеспечение 
610 1 |a распределение 
610 1 |a максимальное правдоподобие 
610 1 |a оценка 
610 1 |a погрешности 
610 1 |a априорная информация 
610 1 |a экспериментальные данные 
610 1 |a многомерные данные 
610 1 |a события 
610 1 |a дискриминантный анализ 
610 1 |a матричные модели 
675 |a 658.562(063)  |z rus  |v 3 
675 |a 330.105(063)  |z rus 
686 |a Ув64л0  |v LBC/SL-A  |2 rubbk 
712 0 2 |a Академия наук СССР (АН СССР)  |b Центральный экономико-математический институт (ЦЭМИ)  |c (Москва)  |2 stltpush  |3 (RuTPU)RU\TPU\col\11797 
712 0 2 |a Всесоюзный совет научно-технических обществ  |2 stltpush  |3 (RuTPU)RU\TPU\col\9971  |9 24773 
712 0 2 |a Тартуский университет (ТУ)  |2 stltpush  |3 (RuTPU)RU\TPU\col\8428 
712 1 2 |a Применение многомерного статистического анализа в экономике и оценке качества продукции  |c конференция  |d 3  |e Тарту  |f 1985 
801 0 |a RU  |b RuMRKP  |c 19950704  |g psbo 
801 1 |a RU  |b 63413507  |c 20150121 
801 2 |a RU  |b 63413507  |c 20170620  |g RCR 
942 |c BK